| 000 | 00944nam a22002177a 4500 | ||
|---|---|---|---|
| 003 | OSt | ||
| 005 | 20260223081814.0 | ||
| 008 | 241209s ag ||||| |||| 00| 0 spa d | ||
| 020 | _a84-7223-171-2 | ||
| 040 |
_cAR-RoUNCS _aAR-RoUNCS |
||
| 080 | _082-312.4(44) | ||
| 100 | 1 |
_aSimenon, Georges, _d1903-1989, _eautor |
|
| 245 | 1 | 3 |
_aEl inspector Cadáver / _cGeorges Simenon ; traducción de Joaquín Jordá. |
| 260 |
_aBarcelona : _bTusquets, _c1996. |
||
| 300 | _a209 p. | ||
| 490 | 0 | _aMaigret Tusquets Editores | |
| 520 | 3 | _aUna noche de invierno un joven muere arrollado por un tren. ¿Accidente o asesinato? Como todos los lugareños acusan al rico ganadero Etienne Naud, éste pide ayuda a su cuñado, un juez que trabaja en París. Sin pérdida de tiempo, el juez ruega al célebre comisario Maigret que demuestre la inocencia de Naud. | |
| 650 | 7 |
_aLiteratura francesa _2embne |
|
| 655 | 7 |
_2embne _aNovelas policiacas |
|
| 942 |
_2udc _cOG _n0 |
||
| 999 |
_c395 _d395 |
||